书目信息 |
| 题名: |
梁桥
|
|
| 作者: | 刘效尧 , 赵立成 主编 | |
| 分册: | 下 | |
| 出版信息: | 北京 人民交通出版社 2000.06 |
|
| 页数: | 829页 | |
| 开本: | 32开 | |
| 丛书名: | ||
| 单 册: | ||
| 中图分类: | U448.21 | |
| 科图分类: | ||
| 主题词: | 桥涵工程 | |
| 电子资源: | ||
| ISBN: | 7-114-03551-9 | |
| 000 | 00545nam0 2200193 45 | |
| 001 | 0009071993 | |
| 005 | 20061122163541.26 | |
| 010 | @a7-114-03551-9@d52.00元 | |
| 100 | @a20000907d2000 km y0chiy0120 ea | |
| 101 | 0 | @achi |
| 200 | 1 | @a梁桥@Aliang qiao@h下@f刘效尧,赵立成主编@FLiu Xiao Yao,Zhao Li Cheng Zhu Bian |
| 210 | @a北京@c人民交通出版社@d2000.06 | |
| 215 | @a829页@d32开 | |
| 606 | 0 | @a桥涵工程 |
| 690 | @aU448.21@v3 | |
| 701 | 0 | @a刘效尧@4主编 |
| 701 | 0 | @a赵立成@4主编 |
| 801 | @aCN@c20061122 | |
| 905 | @b127277-286@dU448.21@eL698:2@f10 | |
| 梁桥.下/刘效尧,赵立成主编.-北京:人民交通出版社,2000.06 |
| 829页;32开 |
| ISBN 7-114-03551-9:52.00元 |
| ● |
| 相关链接 |
|
|
|
正题名:梁桥
索取号:U448.21/L698:2
 
预约/预借
| 序号 | 登录号 | 条形码 | 馆藏地/架位号 | 状态 | 备注 |
| 1 | 127277 | 201272773 | 自科库501/501自科库 55排1列5层/ [索取号:U448.21/L698:2] | 在馆 | |
| 2 | 127278 | 201272782 | 自科二线504/504自科库 31排3列5层/ [索取号:U448.21/L698:2] | 在馆 | |
| 3 | 127279 | 201272791 | 自科二线504/504自科库 31排3列5层/ [索取号:U448.21/L698:2] | 在馆 | |
| 4 | 127280 | 201272808 | 市政与环境工程学院资料室/ [索取号:U448.21/L698:2] | 在馆 | |
| 5 | 127281 | 201272817 | 自科库501/501自科库 55排1列5层/ [索取号:U448.21/L698:2] | 在馆 | |
| 6 | 127282 | 201272826 | 自科库501/501自科库 55排1列5层/ [索取号:U448.21/L698:2] | 在馆 | |
| 7 | 127283 | 201272835 | 自科二线504/504自科库 31排3列5层/ [索取号:U448.21/L698:2] | 在馆 | |
| 8 | 127284 | 201272844 | 自科二线504/504自科库 31排3列5层/ [索取号:U448.21/L698:2] | 在馆 | |
| 9 | 127285 | 201272853 | 自科二线504/504自科库 31排3列5层/ [索取号:U448.21/L698:2] | 在馆 | |
| 10 | 127286 | 201272862 | 自科二线504/504自科库 31排3列5层/ [索取号:U448.21/L698:2] | 在馆 | |
| 11 | 615688 | 206156880 | 自科库501/501自科库 55排1列5层/ [索取号:U448.21/L698:2] | 在馆 | |
| 12 | 615689 | 206156899 | 自科库501/501自科库 55排1列5层/ [索取号:U448.21/L698:2] | 在馆 | |
| 13 | 615690 | 206156906 | 自科库501/501自科库 55排1列5层/ [索取号:U448.21/L698:2] | 在馆 | |
| 14 | 615691 | 206156915 | 自科库501/501自科库 55排1列5层/ [索取号:U448.21/L698:2] | 在馆 | |
| 15 | 615692 | 206156924 | 自科库501/501自科库 55排1列5层/ [索取号:U448.21/L698:2] | 在馆 |